Alvin And The Chipmunks Characters - Statistics

General Stats
  • This quiz has been taken 501 times
  • The average score is 4 of 6
Answer Stats
Hint Answer % Correct
Naughty Alvin
99%
Super scientifict Simon
97%
Always listens Theodore
92%
Alvin's dad Dave
88%
Principle DR. Rubin
6%
Tries to catch the chipmunks and kill them Ryan
5%
No matching quizzes found
Score Distribution
Percent of People with Each Score
Percentile by Number Answered
Your Score History
You have not taken this quiz